01264nam a2200289 ia450000500170000000800410001702000380005804000250009608200140012110000350013524500860017026400670025626400110032330000520033433600210038633700250040733800230043249000380045550002680049350000330076165000320079465000220082665000250084865000320087370000310090583000380093620220707113300.0220707t20222022my a|||b |||| 00| 0 eng d a9789672728214cRM69.90qpaperback aPPAKbengcPPAKerda04223a428.61 aSivaram, Niranjana, eauthor. 14aTHE ONE AND ONLY HUMAN BODY / cAuthor: Niranjana Sivaram ; Illustrator: Aindri C 1aPetaling Jaya, Selangor : bEdu Apps (Mal) Sdn. Bhd., c[2022] 4c©2022 a14 pages :bcolour illustrations ; c21 x 21 cm 2rdacontentatext 2rdamediaaunmediated 2rdacarrieravolume1 aSTEM SERIES (LET ME READ TO YOU)  aThe RE@RE Language Learning System has been developed to engage children in learning more independently using the key modalities of seeing, hearing and doing. It comprises of printed books with RE@RE App which has pre-recorded, recording and playback operations.  aRE@RE recordable audio books10aEnglish language xReaders 20aReaders (Primary)20aReaders vFiction 20aChildren's stories, English1 aC. Aindri, eillustrator.  0aSTEM series (Let Me Read to You)